| 000 | 00660nam a2200217 4500 | ||
|---|---|---|---|
| 001 | 2842 | ||
| 005 | 20181127165919.0 | ||
| 010 | 0 | 0 | _a |
| 020 | 0 | 0 | _a |
| 090 | 0 | 0 | _a |
| 100 | 0 | 0 | _aMachiavelli, Niccolo, 1469-1527. |
| 245 | 0 | 0 |
_aThe prince / _b _cNiccolo Machiavelli; translated by Ninian Hill Thomson. _h |
| 250 | 0 | 0 | _a |
| 260 | 0 | 0 |
_a _b _c |
| 300 | 0 | 0 | _a52 p. |
| 500 | 0 | 0 | _a"The Harvard Classics" |
| 650 | 0 | 0 |
_aPolitical ethics --Early works to 1800. _x |
| 650 | 0 | 0 |
_aPolitical science --Philosophy --Early works to 1800. _x |
| 650 | 0 | 0 |
_aState, The --Early works to 1800. _x |
| 856 |
_a _uhttp://www.bartleby.com/36/1/prince.pdf _yThe prince by Machiavelli _z _3 |
||
| 999 |
_c2277 _d2277 |
||